| 000 | 00996 a2200205 4500 | ||
|---|---|---|---|
| 001 | 47680 | ||
| 005 | 20260407155743.0 | ||
| 008 | 260407a1977 arg spa d | ||
| 003 | AR-UNSa-BCEJYS | ||
| 040 |
_aAR-UNSa-BCEJYS _bspa _cAR-UNSa-BCEJYS |
||
| 080 |
_a338.2(82) _xPolítica económica. Control de la economía. Gestión de la economía. Planificación económica en Argentina |
||
| 245 | 1 | 0 | _aCrisis y alternativas de la política económica argentina |
| 264 | 1 |
_aBuenos Aires : _bFondo de Cultura Económica _c1977 |
|
| 300 |
_a123 p. _c21 cm. |
||
| 505 | _a1. La economía política del peronismos - 2. La economía política del liberalismo - 3. Hiperinflación con receso: alternativas frente a la crisis - 4. El circulo vicioso liberalismo-populismo: elementos de un curso alternativo - | ||
| 942 | _cBK | ||
| 590 | _aniveau_biblio:m niveau_hierar:0 | ||
| 100 | 1 | _aFerrer, Aldo | |
| 856 | 4 | 1 |
_uhttps://biblioeco.unsa.edu.ar/pmb/images/libros/L127646.jpg _yImagen de portada _qimage/jpeg |
| 999 |
_c4442 _d4442 |
||